Los modelos productivos / (Record no. 956)
[ view plain ]
| 000 -LEADER | |
|---|---|
| fixed length control field | 00596 #a2200229 #4500 |
| 001 - CONTROL NUMBER | |
| control field | BNM000139 |
| 005 - DATE AND TIME OF LATEST TRANSACTION | |
| control field | 20231110091238.0 |
| 008 - FIXED-LENGTH DATA ELEMENTS--GENERAL INFORMATION | |
| fixed length control field | aespañol |
| 020 ## - INTERNATIONAL STANDARD BOOK NUMBER | |
| International Standard Book Number | 84-245-0965-x |
| 040 ## - CATALOGING SOURCE | |
| Original cataloging agency | AR-C50180D0 |
| 082 14 - DEWEY DECIMAL CLASSIFICATION NUMBER | |
| Edition number | 14 |
| 100 1# - MAIN ENTRY--PERSONAL NAME | |
| Personal name | Boyer, Robert |
| 9 (RLIN) | 4467 |
| 245 14 - TITLE STATEMENT | |
| Title | Los modelos productivos / |
| Statement of responsibility, etc | Robert Boyer. |
| 260 ## - PUBLICATION, DISTRIBUTION, ETC. (IMPRINT) | |
| Place of publication, distribution, etc | Buenos Aires : |
| Name of publisher, distributor, etc | Fundamentos, |
| Date of publication, distribution, etc | 2003. |
| 300 ## - PHYSICAL DESCRIPTION | |
| Extent | 155 p. |
| 440 ## - SERIES STATEMENT/ADDED ENTRY--TITLE | |
| Title | Ciencia |
| Name of part/section of a work | Sociología |
| 650 ## - SUBJECT ADDED ENTRY--TOPICAL TERM | |
| Topical term or geographic name as entry element | MODELO PRODUCTIVO |
| 650 #0 - SUBJECT ADDED ENTRY--TOPICAL TERM | |
| Topical term or geographic name as entry element | INDUSTRIA AUTOMOTRIZ |
| 9 (RLIN) | 4555 |
| 650 ## - SUBJECT ADDED ENTRY--TOPICAL TERM | |
| Topical term or geographic name as entry element | ADMINISTRACION DE LA PRODUCCION |
| 942 ## - ADDED ENTRY ELEMENTS (KOHA) | |
| Source of classification or shelving scheme | Dewey Decimal Classification |
| Item type | Libro, folleto, traducción |
| 980 ## - EQUIVALENCE OR CROSS-REFERENCE-SERIES STATEMENT--PERSONAL NAME/TITLE [LOCAL, CANADA] | |
| Field link and sequence number | 2 |
| Miscellaneous information | Virginia Figueroa |
| Withdrawn status | Lost status | Source of classification or shelving scheme | Damaged status | Not for loan | Home library | Current library | Date acquired | Source of acquisition | Total Checkouts | Full call number | Barcode | Date last seen | Date last borrowed | Price effective from | Koha item type |
|---|---|---|---|---|---|---|---|---|---|---|---|---|---|---|---|
| Dewey Decimal Classification | Consulta en Sala | Biblioteca Central | Biblioteca Central | 09/04/2014 | Compra | 3 | 331.11 BOY | UNAJ14040441 | 17/03/2025 | 30/09/2019 | 09/04/2014 | Libro, folleto, traducción |